• 首页
  • 本馆介绍
  • 公告通知
  • 最新文献
  • 馆藏检索
  • 电子资源
  • 读者导购
  • 参考咨询
  • 我的图书馆
  • 登录
  • 详细信息显示
  • 放入我的书架
  • 预约/预借图书
  • 作者相关作品
  • 分类相关作品
  • 丛书相关作品
  • 出版社相关作品

书目信息

  • 表格格式
  • 工作单格式
  • 卡片格式
题名:
外国现代建筑史图说
    
 
作者: 毛坚韧 编著
分册:  
出版信息: 北京   中国建筑工业出版社  2008.3
页数: 314页
开本: 23cm
丛书名:
单 册:
中图分类: TU-091
科图分类:
主题词: 建筑史--外国--现代--高等学校--教材 , 建筑史
电子资源:
ISBN: 978-7-112-09858-3
000 00923nam0 2200265 450
001 0400001158
005 20171025142330.93
010    @a978-7-112-09858-3@dCNY45.00
100    @a20171014e20162008em y0chiy ea
101 0  @achi
102    @aCN@b110000
105    @aa z 000yy
106    @ar
200 1  @a外国现代建筑史图说@9wai guo xian dai jian zhu shi tu shuo@f毛坚韧编著
210    @a北京@c中国建筑工业出版社@d2008.3@h2016.7
215    @a314页@c图@d23cm
300    @a全国高等美术院校建筑与环境艺术设计专业教学丛书实验教程/吕品晶,张惠珍主编
320    @a有书目(第307-308页)
330    @a本书介绍范围起自18世纪中叶,迄于20世纪末,涵盖约两个半世纪的时段,以三章分述现代建筑运动发生、普及和异化的过程。
606 0  @a建筑史@y外国@z现代@x高等学校@j教材
606 0  @a建筑史
690    @aTU-091@v4
701  0 @a毛坚韧@9mao jian ren@4编著
801  0 @aCN@b91MARC@c20171014
905    @b1020181-5@dTU-091@f5@e145
    
    外国现代建筑史图说/毛坚韧编著.-北京:中国建筑工业出版社,2008.3(2016.7)
    314页:图;23cm
    全国高等美术院校建筑与环境艺术设计专业教学丛书实验教程/吕品晶,张惠珍主编
    
    ISBN 978-7-112-09858-3:CNY45.00
    本书介绍范围起自18世纪中叶,迄于20世纪末,涵盖约两个半世纪的时段,以三章分述现代建筑运动发生、普及和异化的过程。
●
相关链接 在E读中查询图书 在五车中查询图书 在当当中查询图书 在豆瓣中查询图书


正题名:外国现代建筑史图说     索取号:TU-091/145         预约/预借

序号 登录号 条形码 馆藏地/架位号 状态 备注
1 1020181   210201814   第二样本阅览室/ [索取号:TU-091/145] 在馆    
2 1020182   210201823   密集书库-生命科学系/ [索取号:TU-091/145] 在馆    
3 1020183   210201832   第三借阅区/ [索取号:TU-091/145] 在馆    
4 1020184   210201841   第三借阅区/ [索取号:TU-091/145] 在馆    
5 1020185   210201850   第三借阅区/ [索取号:TU-091/145] 在馆    
唐山师范学院图书馆 欢迎您!
大连网信软件有限公司© 版权所有